[Event "Canadian op"]
[Site "Edmonton"]
[Date "2005.07.15"]
[Round "8"]
[White "Schulz, Waldemar"]
[Black "Barclay, Wayne"]
[Result "1/2-1/2"]
[WhiteElo "2056"]
[BlackElo "2243"]
[PlyCount "129"]
[EventDate "2005.07.09"]
[EventType "swiss"]
[EventRounds "10"]
[EventCountry "CAN"]
[SourceTitle "CBM 107 Extra"]
[Source "ChessBase"]
[SourceDate "2005.09.01"]
[SourceVersion "1"]
[SourceVersionDate "2005.09.01"]
[SourceQuality "1"]

1. Nf3 Nf6 2. g3 c5 3. Bg2 Nc6 4. d4 cxd4 5. Nxd4 Qb6 6. Nxc6 bxc6 7. 0-0 Ba6 8. b3 g6 9. Be3 Qc7 10. c4 Ng4 11. Bd4 e5 12. Bb2 Bg7 13. Nd2 f5 14. Rc1 d6 15. e4 0-0 16. Rc3 Rad8 17. b4 Bh6 18. b5 Bb7 19. Qe2 Qf7 20. f3 Nf6 21. Ra3 Ba8 22. Rd1 cxb5 23. cxb5 Qc7 24. Qc4+ Rf7 25. Qxc7 Rxc7 26. Rc3 Rxc3 27. Bxc3 Be3+ 28. Kf1 fxe4 29. Nxe4 Bxe4 30. fxe4 Rc8 31. Rd3 Bc5 32. a4 Ng4 33. Bf3 Nxh2+ 34. Kg2 Nxf3 35. Rxf3 Rf8 36. Bd2 Ra8 37. Rb3 Kf7 38. Bg5 Rb8 39. Rf3+ Kg7 40. Bd2 Rb7 41. Rb3 Kf7 42. Kf3 Ke6 43. Be3 Bxe3 44. Kxe3 h5 45. a5 g5 46. b6 axb6 47. axb6 Kd7 48. Rb1 Kc6 49. Rh1 Rh7 50. Rb1 h4 51. Kf3 h3 52. Kg4 h2 53. Rh1 Kxb6 54. Kxg5 Kc5 55. g4 Kd4 56. Kf5 Rf7+ 57. Ke6 Rf2 58. g5 Kxe4 59. g6 Rg2 60. Kf6 d5 61. g7 Rf2+ 62. Ke6 Rg2 63. Kf6 Rf2+ 64. Ke6 Rg2 65. Kf6 1/2-1/2

[Event "Canadian op"]
[Site "Edmonton"]
[Date "2005.07.12"]
[Round "5"]
[White "Barclay, Wayne"]
[Black "Tang, Edward"]
[Result "1-0"]
[WhiteElo "2243"]
[BlackElo "2022"]
[PlyCount "71"]
[EventDate "2005.07.09"]
[EventType "swiss"]
[EventRounds "10"]
[EventCountry "CAN"]
[SourceTitle "CBM 107 Extra"]
[Source "ChessBase"]
[SourceDate "2005.09.01"]
[SourceVersion "1"]
[SourceVersionDate "2005.09.01"]
[SourceQuality "1"]

1. d4 Nf6 2. c4 g6 3. Nc3 Bg7 4. e4 d6 5. g3 0-0 6. Bg2 e5 7. Nge2 Na6 8. 0-0 exd4 9. Nxd4 Re8 10. h3 Nc5 11. Re1 a5 12. Qc2 c6 13. Be3 a4 14. Rab1 Qa5 15. b4 axb3 16. axb3 Ne6 17. Nde2 h5 18. Red1 Bf8 19. f4 Qa6 20. Kh2 Ng7 21. Bf3 Nh7 22. g4 hxg4 23. hxg4 Nf6 24. Kg3 Qa5 25. Ra1 Qxa1 26. Rxa1 Rxa1 27. Bd4 Nd7 28. Na4 Rxa4 29. bxa4 Ne6 30. Bb2 Ng7 31. Nc1 Nc5 32. Ba3 Nge6 33. Ne2 Bg7 34. Qd1 Bf8 35. a5 Rd8 36. f5 1-0

[Event "Canadian op"]
[Site "Edmonton"]
[Date "2005.07.10"]
[Round "3"]
[White "Barclay, Wayne"]
[Black "Hughey, Micah"]
[Result "1-0"]
[WhiteElo "2243"]
[BlackElo "2027"]
[PlyCount "47"]
[EventDate "2005.07.09"]
[EventType "swiss"]
[EventRounds "10"]
[EventCountry "CAN"]
[SourceTitle "CBM 107 Extra"]
[Source "ChessBase"]
[SourceDate "2005.09.01"]
[SourceVersion "1"]
[SourceVersionDate "2005.09.01"]
[SourceQuality "1"]

1. d4 d5 2. c4 e6 3. Nc3 c5 4. cxd5 exd5 5. Nf3 Nc6 6. g3 Nf6 7. Bg2 cxd4 8. Nxd4 Qb6 9. Nxc6 bxc6 10. 0-0 Be7 11. e4 dxe4 12. Nxe4 0-0 13. Be3 Qxb2 14. Bd4 Qb5 15. Nxf6+ Bxf6 16. Bxf6 gxf6 17. Rc1 Bb7 18. Rb1 Qa6 19. Qg4+ Kh8 20. Qf5 Rg8 21. Qxf6+ Rg7 22. Rfe1 Rc8 23. Bf1 Qa5 24. Re5 1-0

[Event "Ottawa-ch"]
[Site "Ottawa"]
[Date "2004.10.10"]
[Round "2"]
[White "Pacey, Kevin"]
[Black "Barclay, Wayne"]
[Result "1-0"]
[WhiteElo "2269"]
[BlackElo "2229"]
[PlyCount "111"]
[EventDate "2004.10.??"]
[EventType "tourn"]
[EventRounds "7"]
[EventCountry "CAN"]
[SourceTitle "EXT 2006"]
[Source "ChessBase"]
[SourceDate "2005.11.24"]
[SourceVersion "1"]
[SourceVersionDate "2005.11.24"]
[SourceQuality "1"]

1. b3 c5 2. Bb2 Nc6 3. e3 e5 4. c4 f5 5. d3 Nf6 6. Nc3 d5 7. cxd5 Nxd5 8. Nf3 Be7 9. Nxd5 Qxd5 10. Be2 Be6 11. 0-0 Rd8 12. Qb1 0-0 13. Rd1 Bf6 14. e4 Qd7 15. exf5 Bxf5 16. Qc2 b6 17. Qc4+ Kh8 18. Rac1 Qe8 19. Re1 Nb4 20. Rcd1 Be6 21. Qc1 Nxa2 22. Qa1 Bxb3 23. Rd2 Qf7 24. Nxe5 Bxe5 25. Bxe5 Qxf2+ 26. Kh1 Bd5 27. Bxg7+ Kg8 28. Rg1 Rf7 29. Bh8 Rdd7 30. Qe5 Rfe7 31. Qb2 Qh4 32. Bf6 Qh6 33. Bxe7 Rxe7 34. Bf3 Nb4 35. Re2 Qd6 36. Bxd5+ Nxd5 37. Rge1 Rxe2 38. Qxe2 Nf6 39. Qa2+ Kg7 40. Qxa7+ Kg6 41. Qb7 Qxd3 42. Qxb6 Qd2 43. Rf1 Qg5 44. Qe6 h6 45. h3 h5 46. Qc4 Qe5 47. Qc2+ Ne4 48. Re1 Kf5 49. Qd3 Qd4 50. Qf3+ Ke5 51. Qxh5+ Kd6 52. Qg6+ Ke5 53. Qg5+ Ke6 54. Rxe4+ Qxe4 55. Qxc5 Kf6 56. Qd6+ 1-0

[Event "Ottawa op"]
[Site "Ottawa"]
[Date "2003.11.02"]
[Round "5"]
[White "Barclay, Wayne"]
[Black "Doubleday, William G"]
[Result "1-0"]
[WhiteElo "2252"]
[BlackElo "2087"]
[PlyCount "77"]
[EventDate "2003.10.31"]
[EventType "swiss"]
[EventRounds "5"]
[EventCountry "CAN"]
[SourceTitle "EXT 2008"]
[Source "ChessBase"]
[SourceDate "2007.11.25"]
[SourceVersion "1"]
[SourceVersionDate "2007.11.25"]
[SourceQuality "1"]

1. d4 d5 2. c4 c6 3. Nf3 Nf6 4. Nc3 e6 5. Bg5 dxc4 6. e4 b5 7. e5 h6 8. Bh4 g5 9. Nxg5 hxg5 10. Bxg5 Nbd7 11. exf6 Qc7 12. g3 Bb7 13. Bg2 0-0-0 14. 0-0 a6 15. Qf3 Nb6 16. Rfd1 Nd5 17. Nxd5 Rxd5 18. Qe3 Rd8 19. b3 cxb3 20. Qxb3 Kb8 21. Rac1 Bd6 22. Rd2 Rc8 23. a4 Qa5 24. Ra2 bxa4 25. Qe3 Ka8 26. h4 a3 27. Qd3 Rhd8 28. Rb1 Rd7 29. Qc2 Bf8 30. Qc4 Qf5 31. Raa1 Ka7 32. Be3 Ka8 33. Rb6 Qa5 34. Rb3 Qf5 35. Qa4 Qc2 36. Rc1 Qe2 37. Bf1 Qf3 38. Bxa6 Kb8 39. Bf4+ 1-0

[Event "Ottawa"]
[Site "Ottawa"]
[Date "2002.10.20"]
[Round "5"]
[White "Barclay, Wayne"]
[Black "Davies, Alex"]
[Result "1-0"]
[WhiteElo "2299"]
[BlackElo "2233"]
[PlyCount "121"]
[EventDate "2002.10.06"]
[EventType "tourn"]
[EventRounds "5"]
[EventCountry "CAN"]
[SourceTitle "EXT 2022"]
[Source "ChessBase"]
[SourceDate "2021.10.06"]
[SourceVersion "1"]
[SourceVersionDate "2021.10.06"]
[SourceQuality "1"]

1. d4 d6 2. Nf3 Bg4 3. g3 g6 4. Bg2 Bg7 5. h3 Bxf3 6. Bxf3 Qc8 7. 0-0 Nf6 8. Bg2 0-0 9. e4 Na6 10. Nc3 c5 11. e5 Ne8 12. Nd5 Qd7 13. Bg5 f6 14. exf6 Nxf6 15. Re1 Rae8 16. Nxf6+ exf6 17. Be3 b6 18. Qd3 Qc8 19. c3 Nc7 20. Bf4 Rxe1+ 21. Rxe1 Re8 22. Rd1 Kh8 23. Bxd6 cxd4 24. cxd4 Rd8 25. Bf4 Nd5 26. Bd2 f5 27. Qb3 Qd7 28. Bg5 Bf6 29. Bxf6+ Nxf6 30. d5 Ne8 31. Re1 Nd6 32. Re6 Kg8 33. Qe3 Kf8 34. Qe5 Qg7 35. Qxg7+ Kxg7 36. Re7+ Kf6 37. Rxa7 Ne4 38. Rxh7 Rxd5 39. Bxe4 fxe4 40. Rb7 Rd6 41. Kf1 Ke5 42. Ke2 Rf6 43. h4 Kd4 44. Rd7+ Ke5 45. Rc7 Kd4 46. Rc3 Re6 47. g4 Ke5 48. h5 Kf4 49. h6 g5 50. Rh3 Re8 51. h7 Rh8 52. Rh2 b5 53. a3 Kxg4 54. Ke3 Kf5 55. b3 Ke5 56. Rh5 Kf5 57. a4 bxa4 58. bxa4 Kg6 59. Rh2 Kg7 60. a5 Ra8 61. h8Q+ 1-0

[Event "Ottawa"]
[Site "Ottawa"]
[Date "2002.10.06"]
[Round "1"]
[White "Barclay, Wayne"]
[Black "Saleh, Maher"]
[Result "1-0"]
[WhiteElo "2299"]
[BlackElo "2324"]
[PlyCount "45"]
[EventDate "2002.10.06"]
[EventType "tourn"]
[EventRounds "5"]
[EventCountry "CAN"]
[SourceTitle "EXT 2022"]
[Source "ChessBase"]
[SourceDate "2021.10.06"]
[SourceVersion "1"]
[SourceVersionDate "2021.10.06"]
[SourceQuality "1"]

1. c4 Nf6 2. Nc3 d5 3. cxd5 Nxd5 4. g3 g6 5. Bg2 Nb6 6. Nf3 Bg7 7. 0-0 Nc6 8. d3 0-0 9. Be3 e5 10. Qd2 Re8 11. Rac1 Nd4 12. Rfe1 c6 13. Bg5 f6 14. Bh6 a5 15. Ne4 Nd5 16. Bxg7 Kxg7 17. Nxd4 exd4 18. Rc4 Nc7 19. Qf4 Ne6 20. Qd6 f5 21. Qe5+ Kh6 22. Nd6 Re7 23. Nxf5+ 1-0

[Event "Ottawa Reserves"]
[Site "Ottawa"]
[Date "2001.11.05"]
[Round "5"]
[White "Patterson, Roger"]
[Black "Barclay, Wayne"]
[Result "1-0"]
[WhiteElo "2168"]
[BlackElo "2226"]
[PlyCount "61"]
[EventDate "2001.10.14"]
[EventType "tourn"]
[EventRounds "6"]
[EventCountry "CAN"]
[SourceTitle "EXT 2022"]
[Source "ChessBase"]
[SourceDate "2021.10.06"]
[SourceVersion "1"]
[SourceVersionDate "2021.10.06"]
[SourceQuality "1"]

1. e4 e5 2. Nf3 Nc6 3. Bb5 a6 4. Ba4 Nf6 5. 0-0 Be7 6. Re1 b5 7. Bb3 d6 8. c3 0-0 9. h3 Na5 10. Bc2 c5 11. d4 Qc7 12. Nbd2 cxd4 13. cxd4 Nc6 14. d5 Nb4 15. Bb1 a5 16. Nf1 Bd7 17. a3 Na6 18. g4 g6 19. Ng3 Nc5 20. Be3 Rfc8 21. Bc2 Bd8 22. Rc1 Qb7 23. b3 Bb6 24. Qd2 Be8 25. Kg2 Na6 26. Bg5 Nd7 27. Be7 Qb8 28. Qh6 f6 29. g5 Bd8 30. gxf6 Ra7 31. Qg7# 1-0

[Event "Ottawa Reserves"]
[Site "Ottawa"]
[Date "2001.10.29"]
[Round "4"]
[White "Barclay, Wayne"]
[Black "De Kerpel, Stijn"]
[Result "1-0"]
[WhiteElo "2226"]
[BlackElo "2159"]
[PlyCount "51"]
[EventDate "2001.10.14"]
[EventType "tourn"]
[EventRounds "6"]
[EventCountry "CAN"]
[SourceTitle "EXT 2022"]
[Source "ChessBase"]
[SourceDate "2021.10.06"]
[SourceVersion "1"]
[SourceVersionDate "2021.10.06"]
[SourceQuality "1"]

1. d4 d5 2. c4 dxc4 3. Nf3 Nf6 4. e3 e6 5. Bxc4 c5 6. 0-0 Nc6 7. Nc3 a6 8. Qe2 Be7 9. dxc5 Bxc5 10. Rd1 Qc7 11. a3 0-0 12. b4 Bd6 13. Bb2 Ne5 14. Nxe5 Bxe5 15. f4 Bd6 16. Rac1 Qe7 17. Qf3 Rb8 18. Qg3 Nh5 19. Qh3 Nf6 20. Qh4 e5 21. Kh1 Bf5 22. Qg5 Bg6 23. f5 h6 24. Qxg6 e4 25. Nxe4 Ne8 26. Nxd6 1-0

[Event "Labor Day op"]
[Site "Canada"]
[Date "1992.??.??"]
[Round "5"]
[White "Barclay, Wayne"]
[Black "Schleifer, Michael"]
[Result "1/2-1/2"]
[WhiteElo "2215"]
[BlackElo "2240"]
[PlyCount "150"]
[EventDate "1992.??.??"]
[EventType "swiss"]
[EventRounds "10"]
[EventCountry "CAN"]
[SourceTitle "EXT 2000"]
[Source "ChessBase"]
[SourceDate "1999.11.16"]
[SourceVersion "1"]
[SourceVersionDate "1999.11.16"]
[SourceQuality "1"]

1. d4 Nf6 2. Nf3 g6 3. g3 Bg7 4. Bg2 0-0 5. 0-0 d5 6. c4 dxc4 7. Na3 Nc6 8. Nxc4 Be6 9. b3 Bd5 10. Bb2 a5 11. Rc1 a4 12. Ne3 Be4 13. bxa4 Nd7 14. Nc4 Bd5 15. Ba1 Bxc4 16. Rxc4 Nb6 17. Rc2 Rxa4 18. e3 Ra7 19. Qb1 Nd5 20. Nd2 Ncb4 21. Rc4 Rxa2 22. Bxd5 Qxd5 23. Qxb4 Rxd2 24. Rc5 Qa2 25. Rxc7 Bf6 26. Rxb7 Rc2 27. Qb1 Rfc8 28. Qxa2 Rxa2 29. Rb2 Ra3 30. Rbb1 Rc2 31. Rfc1 Re2 32. Rb2 Rxb2 33. Bxb2 Ra2 34. Bc3 h5 35. Kg2 h4 36. Bb4 Rb2 37. Bc5 Kg7 38. Ra1 hxg3 39. hxg3 Re2 40. Ra8 e5 41. Bf8+ Kh7 42. d5 e4 43. Re8 Rd2 44. d6 Bg7 45. Be7 Be5 46. g4 Bxd6 47. Bf6 g5 48. Bxg5 Rd5 49. Bf6 Kg6 50. Bh4 Re5 51. Rg8+ Kh7 52. Rd8 Re6 53. Bg3 Bb4 54. Rd4 Be7 55. Bf4 Kg6 56. Rd5 Bf6 57. Kg3 Be7 58. Rh5 Bf6 59. Rh6+ Kg7 60. g5 Bc3 61. Rxe6 fxe6 62. Bd6 e5 63. Be7 Kg6 64. Bf6 Be1 65. Kg2 Kf5 66. Kf1 Bb4 67. Ke2 Bf8 68. Bd8 Ke6 69. Bf6 Kf5 70. Kd1 Bb4 71. Bd8 Bc3 72. Ke2 Bb4 73. Kf1 Bd2 74. Kg2 Bc3 75. Kg3 Be1 1/2-1/2

[Event "Canadian op"]
[Site "Winnipeg"]
[Date "1986.07.13"]
[Round "2"]
[White "Barclay, Wayne"]
[Black "Kupreichik, Viktor D"]
[Result "0-1"]
[WhiteElo "2127"]
[BlackElo "2490"]
[PlyCount "71"]
[EventDate "1986.07.12"]
[EventType "swiss"]
[EventRounds "10"]
[EventCountry "CAN"]
[SourceTitle "EXT 2022"]
[Source "ChessBase"]
[SourceDate "2021.10.06"]
[SourceVersion "1"]
[SourceVersionDate "2021.10.06"]
[SourceQuality "1"]

1. d4 Nf6 2. c4 g6 3. Nc3 Bg7 4. g3 c5 5. Nf3 Qa5 6. Bd2 cxd4 7. Nxd4 Qb6 8. e3 Nc6 9. Qb3 Qd8 10. Bg2 Ng4 11. Nf3 0-0 12. 0-0 d6 13. Rfd1 Nge5 14. Nxe5 Nxe5 15. h3 Bd7 16. f4 Nd3 17. Bf1 Nc5 18. Qa3 a5 19. Nb5 Ne4 20. Be1 Qc8 21. h4 Bxb5 22. cxb5 Qg4 23. Kh2 Rfc8 24. Rac1 Rc2+ 25. Rxc2 Qxd1 26. Re2 b6 27. Qb3 Qxb3 28. axb3 Rc8 29. Bg2 f5 30. Bxe4 fxe4 31. b4 a4 32. Bc3 Rc4 33. Rc2 a3 34. Rc1 d5 35. Kh3 axb2 36. Bxb2 0-1

[Event "CAN-ch U20 1982-83"]
[Site "Toronto"]
[Date "1983.01.05"]
[Round "11"]
[White "Barclay, Wayne"]
[Black "O'Donnell, Tom"]
[Result "1-0"]
[WhiteElo "2177"]
[BlackElo "2163"]
[PlyCount "125"]
[EventDate "1982.12.26"]
[EventType "tourn"]
[EventRounds "11"]
[EventCountry "CAN"]
[SourceTitle "EXT 2022"]
[Source "ChessBase"]
[SourceDate "2021.10.06"]
[SourceVersion "1"]
[SourceVersionDate "2021.10.06"]
[SourceQuality "1"]

1. d4 d5 2. Nf3 Nf6 3. Bg5 e6 4. Nbd2 Be7 5. e3 0-0 6. Bd3 Nbd7 7. 0-0 b6 8. c3 Bb7 9. Qc2 h6 10. Bh4 c5 11. Rad1 Rc8 12. Qb1 Re8 13. Bg3 Nh5 14. Ne5 Nxe5 15. dxe5 Nxg3 16. hxg3 Qc7 17. f4 c4 18. Be2 Bc5 19. Kf2 b5 20. Nf3 a5 21. Rh1 b4 22. g4 Qb6 23. Nd4 Bc6 24. cxb4 axb4 25. g5 hxg5 26. Qh7+ Kf8 27. fxg5 Ba4 28. b3 cxb3 29. axb3 Bxd4 30. Rxd4 Bb5 31. Qh8+ Ke7 32. Qxg7 Bxe2 33. Qf6+ Kd7 34. Kxe2 Qb5+ 35. Kf3 Re7 36. Ra1 Rc7 37. Kg3 Rb7 38. Ra4 Qc5 39. Ra6 Kc7 40. Qf4 Qc3 41. Rxd5 Qxb3 42. Rdd6 Qc3 43. Qe4 Kb8 44. Rd8+ Kc7 45. Rd4 Kb8 46. Rd8+ Kc7 47. Rd3 Qe1+ 48. Kh2 Qc1 49. Qd4 Kb8 50. Qd8+ Qc8 51. Qa5 Ra7 52. Rd8 Rxa6 53. Rxc8+ Kxc8 54. Qxa6+ Rb7 55. g6 fxg6 56. Qxe6+ Kb8 57. Qxg6 b3 58. Qb1 b2 59. e6 Kc7 60. e7 Kd7 61. Qe4 b1Q 62. e8Q+ Kc7 63. Q4c6# 1-0

[Event "CAN-ch U20 1982-83"]
[Site "Toronto"]
[Date "1982.12.31"]
[Round "6"]
[White "Moffat, Andrei"]
[Black "Barclay, Wayne"]
[Result "0-1"]
[WhiteElo "1946"]
[BlackElo "2177"]
[PlyCount "108"]
[EventDate "1982.12.26"]
[EventType "tourn"]
[EventRounds "11"]
[EventCountry "CAN"]
[SourceTitle "EXT 2022"]
[Source "ChessBase"]
[SourceDate "2021.10.06"]
[SourceVersion "1"]
[SourceVersionDate "2021.10.06"]
[SourceQuality "1"]

1. e4 e6 2. d4 d5 3. Nc3 Bb4 4. Nge2 dxe4 5. a3 Bxc3+ 6. Nxc3 Nc6 7. Bb5 Nge7 8. Bg5 f6 9. Be3 0-0 10. Nxe4 f5 11. Ng5 f4 12. Bd2 Qxd4 13. Bd3 Qe5+ 14. Ne4 Bd7 15. Bc3 Nd4 16. Bxd4 Qxd4 17. 0-0 Qe5 18. Re1 Rad8 19. Qg4 Qf5 20. Qe2 Ng6 21. Nd2 Qg5 22. Nf3 Qf6 23. Bxg6 Qxg6 24. Ne5 Qf5 25. Nxd7 Rxd7 26. Qxe6+ Qxe6 27. Rxe6 Rd2 28. Rc1 f3 29. g3 Rfd8 30. Kf1 Kf7 31. Re3 Rd1+ 32. Rxd1 Rxd1+ 33. Re1 Rd2 34. Re3 Rxc2 35. Rxf3+ Ke6 36. Re3+ Kd6 37. Re2 Rc1+ 38. Kg2 c5 39. f4 c4 40. g4 c3 41. bxc3 Rxc3 42. Rb2 Kc6 43. Ra2 b5 44. f5 Kd6 45. Rb2 a6 46. a4 bxa4 47. Ra2 a3 48. g5 Rb3 49. Rd2+ Ke5 50. f6 gxf6 51. gxf6 Kxf6 52. Rd6+ Ke5 53. Rxa6 Kd4 54. h4 Kc3 0-1

[Event "CAN-ch U20 1982-83"]
[Site "Toronto"]
[Date "1982.12.30"]
[Round "5"]
[White "Barclay, Wayne"]
[Black "Gardner, Robert"]
[Result "1-0"]
[WhiteElo "2177"]
[BlackElo "1916"]
[PlyCount "57"]
[EventDate "1982.12.26"]
[EventType "tourn"]
[EventRounds "11"]
[EventCountry "CAN"]
[SourceTitle "EXT 2022"]
[Source "ChessBase"]
[SourceDate "2021.10.06"]
[SourceVersion "1"]
[SourceVersionDate "2021.10.06"]
[SourceQuality "1"]

1. d4 Nf6 2. Nf3 g6 3. g3 Bg7 4. Bg2 0-0 5. 0-0 d5 6. c4 dxc4 7. Qa4 Nd5 8. Qxc4 Nc6 9. Rd1 Nb6 10. Qc2 Bf5 11. e4 Bg4 12. d5 Ne5 13. Nbd2 f5 14. Re1 Nxf3+ 15. Nxf3 fxe4 16. Qxe4 Bf5 17. Qh4 Bf6 18. Ng5 h5 19. h3 Nxd5 20. g4 Bxg5 21. Bxg5 hxg4 22. Rad1 Qc8 23. Bxd5+ e6 24. hxg4 exd5 25. Re7 Rf7 26. Rxf7 Kxf7 27. Qh7+ Kf8 28. gxf5 Qxf5 29. Bh6+ 1-0

[Event "CAN-ch U20 1982-83"]
[Site "Toronto"]
[Date "1982.12.29"]
[Round "4"]
[White "Schleifer, Michael"]
[Black "Barclay, Wayne"]
[Result "1-0"]
[WhiteElo "2145"]
[BlackElo "2177"]
[PlyCount "77"]
[EventDate "1982.12.26"]
[EventType "tourn"]
[EventRounds "11"]
[EventCountry "CAN"]
[SourceTitle "EXT 2022"]
[Source "ChessBase"]
[SourceDate "2021.10.06"]
[SourceVersion "1"]
[SourceVersionDate "2021.10.06"]
[SourceQuality "1"]

1. d4 Nf6 2. c4 e6 3. Nf3 d5 4. e3 Nbd7 5. Bd3 c6 6. 0-0 Bd6 7. Nc3 0-0 8. b3 Re8 9. Bb2 Qe7 10. e4 dxe4 11. Nxe4 Nxe4 12. Bxe4 c5 13. Bc2 b6 14. Qe2 g6 15. Rad1 Rd8 16. dxc5 Bxc5 17. Ne5 Qf8 18. Ng4 Be7 19. Qf3 h5 20. Qxa8 hxg4 21. Qe4 Bf6 22. Rxd7 Bxb2 23. Rxd8 Qxd8 24. Rd1 Qc7 25. Qxg4 Bf6 26. h4 e5 27. Qg3 Qe7 28. h5 Bh4 29. Qf3 Bb7 30. Be4 Bxe4 31. Qxe4 gxh5 32. g3 Bf6 33. Qf5 b5 34. Rd7 Qb4 35. Qxf6 Qe1+ 36. Kg2 Qe4+ 37. f3 Qe2+ 38. Kh3 Qf1+ 39. Kh4 1-0

[Event "Canadian op"]
[Site "Vancouver"]
[Date "1982.07.24"]
[Round "10"]
[White "Barclay, Wayne"]
[Black "Chow, Robert"]
[Result "1-0"]
[WhiteElo "2047"]
[BlackElo "2189"]
[PlyCount "81"]
[EventDate "1982.07.17"]
[EventType "swiss"]
[EventRounds "10"]
[EventCountry "CAN"]
[SourceTitle "EXT 2022"]
[Source "ChessBase"]
[SourceDate "2021.10.06"]
[SourceVersion "1"]
[SourceVersionDate "2021.10.06"]
[SourceQuality "1"]

1. e4 g6 2. Nc3 Bg7 3. d4 d6 4. g3 Nf6 5. Bg2 0-0 6. Nf3 Nbd7 7. 0-0 e5 8. Re1 Re8 9. h3 c6 10. a4 exd4 11. Nxd4 Nc5 12. Bf4 d5 13. exd5 Rxe1+ 14. Qxe1 Nxd5 15. Nxd5 cxd5 16. Nb5 Ne6 17. Be5 f6 18. Bc3 a6 19. Nd4 Nxd4 20. Bxd4 Bf5 21. Qd2 Qd7 22. Kh2 Be4 23. f3 Bf5 24. g4 Be6 25. f4 h5 26. gxh5 gxh5 27. Re1 Re8 28. Bc3 Bf7 29. Rxe8+ Qxe8 30. Bxd5 Qxa4 31. Bxb7 Bh6 32. Bd4 Qb5 33. Be4 Qf1 34. Be3 Qc4 35. Bd3 Qc8 36. Qa5 Qe6 37. Bd2 Qd6 38. Qf5 Kf8 39. Be3 Qc6 40. Qc5+ Qxc5 41. Bxc5+ 1-0